[Event "Santiago de Chile op"]
[Site "Santiago de Chile"]
[Date "2011.09.09"]
[Round "2"]
[White "Cosoi Scherzer, Alejandro"]
[Black "Vargas Maliqueo, Ivan Patricio"]
[Result "1/2-1/2"]
[WhiteElo "2060"]
[BlackElo "2195"]
[PlyCount "118"]
[EventDate "2011.09.07"]
[EventType "swiss"]
[EventRounds "9"]
[EventCountry "CHI"]
[SourceTitle "EXT 2012"]
[Source "ChessBase"]
[SourceDate "2011.11.24"]
[SourceVersion "1"]
[SourceVersionDate "2011.11.24"]
[SourceQuality "1"]

1. e4 c6 2. d4 d5 3. exd5 cxd5 4. Bd3 Nc6 5. c3 g6 6. Bf4 Bg7 7. Nf3 Nf6 8. 0-0 0-0 9. Nbd2 Nh5 10. Be3 f5 11. Nb3 Kh8 12. Re1 Qd6 13. Be2 Nf4 14. Bxf4 Qxf4 15. Nc5 Qd6 16. Nd3 Rb8 17. Bf1 Be6 18. Nde5 Bg8 19. Nxc6 bxc6 20. b4 Bf6 21. Ne5 Rb7 22. Ba6 Rc7 23. Bd3 Kg7 24. f4 Rb8 25. Qa4 Rb6 26. Qa5 e6 27. Re3 Bd8 28. Qa4 Rcb7 29. Rae1 Be7 30. Ba6 Rc7 31. Bf1 Qd8 32. Ra1 Bd6 33. Qc2 Rcb7 34. Ree1 Qa8 35. Qe2 a5 36. a3 Ra7 37. c4 Rb8 38. b5 cxb5 39. cxb5 Rc7 40. Nc6 Rbc8 41. Qe3 Rd7 42. Rec1 Rdc7 43. Rc2 Qb7 44. a4 Qb6 45. Rac1 Kh8 46. Kh1 Rg7 47. h4 h6 48. g3 Rf8 49. Ne5 g5 50. hxg5 hxg5 51. Rh2+ Bh7 52. fxg5 Kg8 53. Rc6 Qd8 54. Rh6 Bxe5 55. Qxe5 Qxg5 56. Qxe6+ Kh8 57. Qe5 Qg4 58. Rcf6 Rxf6 59. Qxf6 Qxg3 1/2-1/2

[Event "Santiago Writers Club"]
[Site "Santiago de Chile"]
[Date "2011.05.09"]
[Round "9.4"]
[White "Cosoi Scherzer, Alejandro"]
[Black "Caceres Vasquez, Sergio"]
[Result "0-1"]
[WhiteElo "2063"]
[BlackElo "2177"]
[PlyCount "84"]
[EventDate "2011.04.18"]
[EventType "tourn"]
[EventRounds "11"]
[EventCountry "CHI"]
[SourceTitle "EXT 2024"]
[Source "ChessBase"]
[SourceDate "2023.10.10"]
[SourceVersion "1"]
[SourceVersionDate "2023.10.10"]
[SourceQuality "1"]

1. e4 c5 2. Nf3 e6 3. d4 cxd4 4. Nxd4 Nc6 5. Nc3 Qc7 6. Be3 a6 7. Bd3 Nf6 8. 0-0 Ne5 9. h3 Bc5 10. f4 Ng6 11. e5 Nxe5 12. Be2 Nc6 13. Qd2 d5 14. Kh1 Bxd4 15. Bxd4 Nxd4 16. Qxd4 0-0 17. Bd3 Bd7 18. Rae1 Rac8 19. Qf2 b5 20. a3 Qc5 21. Qh4 a5 22. Re5 h6 23. Rf3 Rfd8 24. f5 exf5 25. Bxf5 Qd6 26. Bxd7 Qxe5 27. Bxc8 Rxc8 28. Rd3 Rc4 29. Qf2 b4 30. axb4 axb4 31. Re3 Qc7 32. Nxd5 Nxd5 33. Re8+ Kh7 34. Qf5+ g6 35. Qxd5 Rxc2 36. Qe5 Qxe5 37. Rxe5 Rxb2 38. Rb5 Kg7 39. Kh2 Rb1 40. g4 b3 41. Kg2 b2 42. Kf2 Rh1 0-1

[Event "Santiago Writers Club"]
[Site "Santiago de Chile"]
[Date "2011.05.06"]
[Round "8.3"]
[White "Cuevas Araya, Walter"]
[Black "Cosoi Scherzer, Alejandro"]
[Result "1-0"]
[WhiteElo "2245"]
[BlackElo "2063"]
[PlyCount "81"]
[EventDate "2011.04.18"]
[EventType "tourn"]
[EventRounds "11"]
[EventCountry "CHI"]
[SourceTitle "EXT 2024"]
[Source "ChessBase"]
[SourceDate "2023.10.10"]
[SourceVersion "1"]
[SourceVersionDate "2023.10.10"]
[SourceQuality "1"]

1. e4 c5 2. Nf3 e6 3. d4 cxd4 4. Nxd4 Nc6 5. g3 d5 6. Nxc6 bxc6 7. Bg2 Ba6 8. Nc3 Nf6 9. exd5 cxd5 10. Ne2 Bc5 11. 0-0 0-0 12. Re1 Qb6 13. Be3 Bxe3 14. fxe3 Qxe3+ 15. Kh1 Ng4 16. Qd4 Qxd4 17. Nxd4 Rfc8 18. h3 Nf6 19. Re3 Rab8 20. Ra3 Rb6 21. Re1 Rc7 22. g4 h6 23. Kh2 Bc8 24. b3 a6 25. Re3 Rc5 26. c3 e5 27. Rxe5 Bxg4 28. b4 Rc7 29. Bxd5 Rd6 30. Bg2 Bc8 31. Rc5 Rxc5 32. bxc5 Rd8 33. Rb3 Nd7 34. c6 Nc5 35. Rb8 g6 36. c7 Rf8 37. Nc6 Kg7 38. Ne7 Be6 39. Bd5 Bd7 40. Rd8 Bc8 41. Nxc8 1-0

[Event "Santiago Endesa Classification"]
[Site "Santiago de Chile"]
[Date "2010.10.08"]
[Round "2"]
[White "Cosoi Scherzer, Alejandro"]
[Black "Vargas Maliqueo, Ivan Patricio"]
[Result "1/2-1/2"]
[WhiteElo "2017"]
[BlackElo "2199"]
[PlyCount "37"]
[EventDate "2010.10.06"]
[EventType "swiss"]
[EventRounds "9"]
[EventCountry "CHI"]
[SourceTitle "EXT 2012"]
[Source "ChessBase"]
[SourceDate "2011.11.24"]
[SourceVersion "1"]
[SourceVersionDate "2011.11.24"]
[SourceQuality "1"]

1. e4 c5 2. Nf3 d6 3. d4 cxd4 4. Nxd4 Nf6 5. Nc3 a6 6. Be3 Ng4 7. Bc1 Nf6 8. Be3 e5 9. Nb3 Be6 10. f3 Nbd7 11. Qd2 b5 12. a4 b4 13. Nd5 Bxd5 14. exd5 Nb6 15. Bxb6 Qxb6 16. a5 Qb7 17. Bc4 Be7 18. Ra4 Rb8 19. Nc1 1/2-1/2

[Event "Santiago Endesa 06"]
[Site "Santiago de Chile"]
[Date "2010.06.21"]
[Round "7"]
[White "Escudero Donoso, Felipe"]
[Black "Cosoi Scherzer, Alejandro"]
[Result "1/2-1/2"]
[WhiteElo "2023"]
[BlackElo "2093"]
[PlyCount "53"]
[EventDate "2010.06.07"]
[EventType "tourn"]
[EventRounds "11"]
[EventCountry "CHI"]
[SourceTitle "EXT 2012"]
[Source "ChessBase"]
[SourceDate "2011.11.24"]
[SourceVersion "1"]
[SourceVersionDate "2011.11.24"]
[SourceQuality "1"]

1. d4 d5 2. Nf3 Nf6 3. e3 c5 4. b3 Nc6 5. Bd3 e6 6. 0-0 Bd6 7. Bb2 0-0 8. c4 dxc4 9. bxc4 cxd4 10. exd4 b6 11. Nbd2 Bb7 12. Qe2 Be7 13. Rfd1 Rc8 14. Rac1 Qd6 15. Ne4 Qf4 16. Ng3 Rfe8 17. Bb1 Rcd8 18. a3 Bf8 19. Qc2 g6 20. Ne2 Qd6 21. Qa4 Bg7 22. h3 Qb8 23. Qb5 Qa8 24. Qg5 h6 25. Qg3 Nh5 26. Qh2 Qb8 27. h4 1/2-1/2

[Event "Santiago Endesa 02"]
[Site "Santiago de Chile"]
[Date "2010.05.17"]
[Round "7"]
[White "Cosoi Scherzer, Alejandro"]
[Black "Henriquez Villagra, Cristobal"]
[Result "0-1"]
[WhiteElo "2093"]
[BlackElo "2092"]
[PlyCount "91"]
[EventDate "2010.05.03"]
[EventType "tourn"]
[EventRounds "9"]
[EventCountry "CHI"]
[SourceTitle "EXT 2012"]
[Source "ChessBase"]
[SourceDate "2011.11.24"]
[SourceVersion "1"]
[SourceVersionDate "2011.11.24"]
[SourceQuality "1"]

1. e4 c5 2. Nf3 d6 3. d4 cxd4 4. Nxd4 Nf6 5. Nc3 a6 6. Be3 e5 7. Nb3 Be7 8. f3 Be6 9. Qd2 0-0 10. 0-0-0 Nbd7 11. g4 b5 12. g5 Nh5 13. Nd5 Bxd5 14. exd5 b4 15. Rg1 a5 16. Kb1 Qc7 17. Qf2 Rfc8 18. Bh3 a4 19. Nc1 Ra5 20. Bg4 Nf4 21. Bxf4 exf4 22. Bxd7 Qxd7 23. h4 Qf5 24. Rge1 Bf8 25. Re4 b3 26. axb3 a3 27. g6 axb2 28. Kxb2 Qxg6 29. Rg1 Qf6+ 30. Qd4 Qxd4+ 31. Rxd4 g6 32. c3 Bg7 33. Rd3 Be5 34. h5 Kg7 35. Na2 Rca8 36. Nb4 f5 37. Re1 g5 38. Rxe5 dxe5 39. d6 e4 40. Rd1 exf3 41. c4 f2 42. Rf1 g4 43. Nd3 g3 44. Nxf4 Ra1 45. Rxa1 Rxa1 46. Kxa1 0-1

[Event "Santiago Endesa 02"]
[Site "Santiago de Chile"]
[Date "2010.05.03"]
[Round "1"]
[White "Von Dessauer Orellana, Daniel J"]
[Black "Cosoi Scherzer, Alejandro"]
[Result "1-0"]
[WhiteElo "2028"]
[BlackElo "2093"]
[PlyCount "130"]
[EventDate "2010.05.03"]
[EventType "tourn"]
[EventRounds "9"]
[EventCountry "CHI"]
[SourceTitle "EXT 2012"]
[Source "ChessBase"]
[SourceDate "2011.11.24"]
[SourceVersion "1"]
[SourceVersionDate "2011.11.24"]
[SourceQuality "1"]

1. d4 d5 2. Nf3 Nf6 3. e3 e6 4. Bd3 Be7 5. 0-0 0-0 6. Nbd2 c5 7. c3 Nc6 8. Qe2 Qc7 9. dxc5 Bxc5 10. e4 dxe4 11. Nxe4 Nxe4 12. Qxe4 g6 13. Bh6 Re8 14. Qh4 Qd8 15. Qc4 Qd5 16. Rad1 Qxc4 17. Bxc4 a6 18. a4 a5 19. Bb5 f6 20. h4 e5 21. Bc4+ Be6 22. Bxe6+ Rxe6 23. Rd5 b6 24. Rfd1 Kf7 25. Nd2 Rd6 26. Rxd6 Bxd6 27. Ne4 Be7 28. Be3 Ke6 29. Bxb6 Rb8 30. Nc5+ Kf5 31. Nd7 Rb7 32. Rd2 Nd4 33. cxd4 Rxd7 34. Bxa5 exd4 35. b4 d3 36. f3 Rd4 37. Bb6 Bxb4 38. Bxd4 Bxd2 39. Kf2 Ba5 40. Ke3 d2 41. Ke2 h5 42. Be3 d1Q+ 43. Kxd1 g5 44. hxg5 fxg5 45. Ke2 h4 46. Bd2 Bb6 47. a5 Ba7 48. Be3 Bb8 49. a6 g4 50. a7 Bxa7 51. Bxa7 h3 52. gxh3 gxf3+ 53. Kxf3 Kg5 54. Kg3 Kh5 55. h4 Kg6 56. Kg4 Kh6 57. h5 Kh7 58. Kg5 Kh8 59. Kg6 Kg8 60. h6 Kh8 61. Bd4+ Kg8 62. h7+ Kf8 63. h8Q+ Ke7 64. Qf6+ Kd7 65. Kf5 Kc7 1-0

[Event "Santiago Endesa op 1st"]
[Site "Santiago de Chile"]
[Date "2009.05.12"]
[Round "7"]
[White "Abarca Gonzalez, Damaris"]
[Black "Cosoi Scherzer, Alejandro"]
[Result "1-0"]
[WhiteElo "1939"]
[BlackElo "2196"]
[PlyCount "102"]
[EventDate "2009.04.21"]
[EventType "swiss"]
[EventRounds "9"]
[EventCountry "CHI"]
[SourceTitle "EXT 2012"]
[Source "ChessBase"]
[SourceDate "2011.11.24"]
[SourceVersion "1"]
[SourceVersionDate "2011.11.24"]
[SourceQuality "1"]

1. e4 c5 2. Nc3 Nc6 3. g3 g6 4. Bg2 Bg7 5. d3 d6 6. Be3 Rb8 7. Qd2 b5 8. Nge2 b4 9. Nd1 e6 10. 0-0 Nd4 11. Nc1 Ne7 12. c3 bxc3 13. bxc3 Ndc6 14. Bh6 0-0 15. Bxg7 Kxg7 16. Ne3 Ba6 17. Ne2 Qa5 18. f4 f5 19. exf5 exf5 20. g4 Nd4 21. Ng3 Kh8 22. Rad1 Nb5 23. Rc1 Nd4 24. Rf2 Ne6 25. gxf5 Nxf5 26. Nexf5 gxf5 27. Re1 Nc7 28. Rfe2 Nb5 29. Re7 Qxc3 30. Qxc3+ Nxc3 31. Rxa7 Bxd3 32. Ra3 Rb1 33. Rxb1 Bxb1 34. Rxc3 Bxa2 35. Rd3 Rf6 36. Bd5 Bb1 37. Rd2 Be4 38. Kf2 h5 39. Ke3 h4 40. Nxe4 fxe4 41. Rg2 Kh7 42. Rg1 Rh6 43. Kxe4 h3 44. Rg3 Kh8 45. Kf5 Rh5+ 46. Rg5 Rh4 47. Kg6 c4 48. f5 c3 49. f6 Rh7 50. f7 Rg7+ 51. Kf6 Rxf7+ 1-0